MARC

LEADER 00000nam0a2200000 4500
001 293430
005 20231102000607.0
035 |a (RuTPU)RU\TPU\book\318458 
090 |a 293430 
100 |a 20150430d1983 k y0rusy5003 ca 
101 0 |a rus 
102 |a RU 
105 |a a z 001zy 
200 1 |a Геолого-математическое моделирование в нефтяной геологии  |e сборник научных трудов  |f Всесоюзный нефтяной научно-исследовательский геологоразведочный институт (ВНИГРИ) 
210 |a Ленинград  |c Изд-во ВНИГРИ  |d 1983 
215 |a 179 с.  |c ил. 
320 |a Библиография в конце статей 
606 1 |a Нефтяные месторождения  |x Компьютерное моделирование  |2 stltpush  |3 (RuTPU)RU\TPU\subj\71962  |9 85618 
610 1 |a нефтяная геология 
610 1 |a математические подходы 
610 1 |a аппроксимация 
610 1 |a многомерный анализ 
610 1 |a размытые множества 
610 1 |a математическая физика 
610 1 |a многовариантные прогнозы 
610 1 |a принятие решений 
610 1 |a формализация 
610 1 |a диалоговый режим 
675 |a 553.982  |v 3 
712 0 2 |a Всесоюзный нефтяной научно-исследовательский геологоразведочный институт (ВНИГРИ)  |c (Ленинград)  |c (1929-1991)  |2 stltpush  |3 (RuTPU)RU\TPU\col\7662 
801 0 |a RU  |b RuMRKP  |c 19950704  |g psbo 
801 1 |a RU  |b 63413507  |c 20150430 
801 2 |a RU  |b 63413507  |c 20190221  |g RCR 
942 |c BK